| 000 | 00496nam a2200181Ia 4500 | ||
|---|---|---|---|
| 999 |
_c7961 _d7961 |
||
| 003 | OSt | ||
| 005 | 20200128100506.0 | ||
| 008 | 190216s9999||||xx |||||||||||||| ||und|| | ||
| 020 | _a9788170338123 | ||
| 040 | _coclc | ||
| 082 |
_a380.10954 _bSAX/M |
||
| 100 |
_aSaxena, H M _91627 |
||
| 245 | 0 |
_aMarketing Geography / _cH M Saxena |
|
| 260 |
_bRawat Pubs, _c2008. _aJaipur: |
||
| 300 | _a376p | ||
| 650 | _aCommerce | ||
| 942 |
_cBK _2ddc _h380.10954 _iSAX/M _k380.10954 _mSAX/M |
||